[Event "Deutsche Ländermeisterschaft 2022"]
[Site "Wiesbaden GER"]
[Date "2022.10.04"]
[Round "7"]
[White "Richter, Johanna"]
[Black "Färber, Anna"]
[Result "1-0"]
[Termination "normal"]
[Board "4.8"]
[WhiteElo "1355"]
[BlackElo "1165"]
[WhiteClock "00:17:16"]
[BlackClock "00:27:06"]
[WhiteTeam "Rheinland-Pfalz"]
[BlackTeam "Baden 2"]
[PlyCount "85"]
[WhiteFideId "16278925"]
[BlackFideId "34633480"]
[EventCountry "GER"]
[EventRounds "7"]
[EventType "team-swiss"]
[EventDate "2022.09.30"]

1. d4 {[%clk 1:30:59]} d5 {[%clk 1:30:53]} 2. c4 {[%clk 1:31:25]} e6 {[%clk
1:31:14]} 3. Nc3 {[%clk 1:31:51]} Be7 {[%clk 1:31:34]} 4. Bf4 {[%clk 1:31:50]}
Nf6 {[%clk 1:31:37]} 5. e3 {[%clk 1:29:50]} c6 {[%clk 1:29:23]} 6. h3 {[%clk
1:27:04]} Nbd7 {[%clk 1:26:25]} 7. Nf3 {[%clk 1:26:34]} Nb6 {[%clk 1:24:34]} 8.
cxd5 {[%clk 1:25:47]} exd5 {[%clk 1:24:24]} 9. Bd3 {[%clk 1:25:12]} Be6 {[%clk
1:23:07]} 10. O-O {[%clk 1:24:10]} O-O {[%clk 1:22:58]} 11. Qc2 {[%clk
1:23:54]} Re8 {[%clk 1:22:23]} 12. Ng5 {[%clk 1:23:46]} h6 {[%clk 1:21:27]} 13.
Nxe6 {[%clk 1:22:18]} fxe6 {[%clk 1:21:38]} 14. Bg6 {[%clk 1:20:36]} Rf8 {[%clk
1:21:15]} 15. a3 {[%clk 1:12:09]} Nc4 {[%clk 1:19:21]} 16. Bd3 {[%clk 1:01:38]}
Nd6 {[%clk 1:15:45]} 17. b4 {[%clk 0:59:12]} a6 {[%clk 1:14:07]} 18. Na4 {[%clk
0:57:38]} Rb8 {[%clk 1:07:47]} 19. Nc5 {[%clk 0:57:09]} Qc8 {[%clk 1:07:18]}
20. Rfc1 {[%clk 0:55:39]} Nfe8 {[%clk 1:01:53]} 21. Be5 Bf6 {[%clk 0:58:58]}
22. Bf4 {[%clk 0:47:24]} Be7 {[%clk 0:58:04]} 23. Rf1 {[%clk 0:45:36]} Nf6
{[%clk 0:53:38]} 24. Be5 {[%clk 0:44:07]} Ra8 {[%clk 0:51:02]} 25. Na4 {[%clk
0:38:33]} Qd8 {[%clk 0:49:26]} 26. Nc5 {[%clk 0:38:00]} Qc8 {[%clk 0:49:33]}
27. Rfb1 {[%clk 0:33:48]} a5 {[%clk 0:44:55]} 28. bxa5 Nfe8 {[%clk 0:41:10]}
29. Bg6 {[%clk 0:24:00]} Rb8 {[%clk 0:35:24]} 30. Bxe8 {[%clk 0:21:34]} Rxe8
{[%clk 0:35:22]} 31. Qg6 {[%clk 0:21:26]} Bf8 {[%clk 0:33:51]} 32. Bxd6 Bxd6
{[%clk 0:34:01]} 33. Nxb7 {[%clk 0:19:45]} Bc7 {[%clk 0:32:40]} 34. a6 {[%clk
0:18:53]} Ra8 {[%clk 0:32:14]} 35. Nc5 {[%clk 0:18:36]} Bb8 {[%clk 0:30:08]}
36. Rb7 {[%clk 0:18:30]} Bc7 {[%clk 0:29:09]} 37. Rab1 {[%clk 0:17:39]} Re7
{[%clk 0:27:18]} 38. a7 {[%clk 0:17:15]} Bd6 {[%clk 0:26:47]} 39. Rxe7 {[%clk
0:16:08]} Bxe7 {[%clk 0:26:54]} 40. Rb8 {[%clk 0:16:21]} Rxb8 {[%clk 0:26:50]}
41. axb8=Q {[%clk 0:16:39]} Qxb8 {[%clk 0:27:03]} 42. Qxe6+ {[%clk 0:16:54]}
Kf8 {[%clk 0:27:06]} 43. Nd7+ {[%clk 0:17:16]} 1-0

[Event "Deutsche Ländermeisterschaft 2022"]
[Site "Wiesbaden GER"]
[Date "2022.10.04"]
[Round "7"]
[White "Schmider, Niklas"]
[Black "Burian, Simon"]
[Result "1-0"]
[Termination "normal"]
[Board "5.1"]
[WhiteTitle "FM"]
[WhiteElo "2407"]
[BlackElo "2196"]
[WhiteClock "00:01:48"]
[BlackClock "00:16:35"]
[WhiteTeam "Baden 1"]
[BlackTeam "Sachsen"]
[PlyCount "82"]
[WhiteFideId "12993778"]
[BlackFideId "12956902"]
[EventCountry "GER"]
[EventRounds "7"]
[EventType "team-swiss"]
[EventDate "2022.09.30"]

1. Nf3 {[%clk 1:30:45]} Nf6 {[%clk 1:30:55]} 2. g3 {[%clk 1:31:11]} b5 {[%clk
1:31:19]} 3. Bg2 {[%clk 1:31:27]} Bb7 {[%clk 1:31:42]} 4. b3 {[%clk 1:31:15]}
e6 {[%clk 1:31:21]} 5. c4 {[%clk 1:30:50]} a6 {[%clk 1:30:45]} 6. Nc3 {[%clk
1:29:59]} b4 {[%clk 1:29:46]} 7. Na4 {[%clk 1:30:19]} d5 {[%clk 1:28:25]} 8.
cxd5 {[%clk 1:14:54]} Bxd5 {[%clk 1:25:32]} 9. O-O {[%clk 1:13:50]} Nbd7 {[%clk
1:20:53]} 10. d3 {[%clk 1:11:03]} c5 {[%clk 1:16:40]} 11. e4 {[%clk 1:02:10]}
Bb7 {[%clk 1:12:17]} 12. Be3 {[%clk 0:51:20]} Be7 {[%clk 1:04:48]} 13. Rc1
{[%clk 0:51:40]} Rc8 {[%clk 1:05:07]} 14. h3 {[%clk 0:40:22]} O-O {[%clk
1:02:29]} 15. Qd2 {[%clk 0:36:45]} Qa5 {[%clk 0:56:54]} 16. Qc2 {[%clk
0:33:56]} Rfd8 {[%clk 0:53:03]} 17. Rfd1 {[%clk 0:31:45]} Bf8 {[%clk 0:43:35]}
18. Nd2 {[%clk 0:24:56]} Ne8 {[%clk 0:36:57]} 19. Nc4 {[%clk 0:23:22]} Qc7
{[%clk 0:34:33]} 20. Bf4 {[%clk 0:22:46]} e5 {[%clk 0:34:09]} 21. Bg5 {[%clk
0:21:31]} f6 {[%clk 0:34:01]} 22. Be3 {[%clk 0:19:40]} Bc6 {[%clk 0:26:18]} 23.
Ncb2 {[%clk 0:18:44]} Bb5 {[%clk 0:24:23]} 24. h4 {[%clk 0:17:51]} Nb6 {[%clk
0:22:10]} 25. Bh3 {[%clk 0:17:22]} Bd7 {[%clk 0:21:51]} 26. Bxd7 {[%clk
0:17:17]} Nxd7 {[%clk 0:21:37]} 27. Qc4+ {[%clk 0:13:04]} Kh8 {[%clk 0:22:00]}
28. Qxa6 {[%clk 0:12:05]} Nd6 {[%clk 0:19:38]} 29. Nxc5 {[%clk 0:08:30]} Ra8
{[%clk 0:19:43]} 30. Ne6 {[%clk 0:08:24]} Qxc1 {[%clk 0:18:19]} 31. Rxc1 {[%clk
0:08:45]} Rxa6 {[%clk 0:18:42]} 32. Nxd8 {[%clk 0:09:10]} Rxa2 {[%clk 0:18:55]}
33. Na4 {[%clk 0:09:18]} Nb5 {[%clk 0:16:55]} 34. Rc8 {[%clk 0:04:11]} Kg8
{[%clk 0:16:55]} 35. Nc6 {[%clk 0:03:47]} Kf7 {[%clk 0:16:10]} 36. Rd8 {[%clk
0:03:41]} Ke6 {[%clk 0:16:07]} 37. Nb8 {[%clk 0:04:01]} Rxa4 {[%clk 0:15:50]}
38. bxa4 {[%clk 0:03:05]} b3 {[%clk 0:16:16]} 39. Bc1 {[%clk 0:03:10]} Ba3
{[%clk 0:16:25]} 40. Nxd7 {[%clk 0:01:43]} Bxc1 {[%clk 0:16:35]} 41. Nc5+
{[%clk 0:01:48]} Kd5 1-0

[Event "Deutsche Ländermeisterschaft 2022"]
[Site "Wiesbaden GER"]
[Date "2022.10.04"]
[Round "7"]
[White "Hassemeier, Mika"]
[Black "Nied, Pascal"]
[Result "0-1"]
[Termination "normal"]
[Board "5.2"]
[WhiteElo "2095"]
[BlackElo "2131"]
[WhiteClock "00:29:41"]
[BlackClock "00:23:40"]
[WhiteTeam "Sachsen"]
[BlackTeam "Baden 1"]
[PlyCount "94"]
[WhiteFideId "12994880"]
[BlackFideId "16260597"]
[EventCountry "GER"]
[EventRounds "7"]
[EventType "team-swiss"]
[EventDate "2022.09.30"]

1. d4 {[%clk 1:30:59]} d5 {[%clk 1:30:55]} 2. c4 {[%clk 1:31:22]} e6 {[%clk
1:31:21]} 3. Nc3 {[%clk 1:31:44]} Nf6 {[%clk 1:31:46]} 4. cxd5 {[%clk 1:32:06]}
exd5 {[%clk 1:32:11]} 5. Bg5 {[%clk 1:32:25]} c6 {[%clk 1:32:35]} 6. e3 {[%clk
1:32:43]} Bd6 {[%clk 1:32:58]} 7. Bd3 {[%clk 1:31:56]} O-O {[%clk 1:33:21]} 8.
Qc2 {[%clk 1:31:10]} h6 {[%clk 1:33:45]} 9. Bh4 {[%clk 1:31:30]} Re8 {[%clk
1:34:08]} 10. Nge2 {[%clk 1:30:10]} Nbd7 {[%clk 1:34:29]} 11. h3 {[%clk
1:26:01]} b5 {[%clk 1:32:55]} 12. O-O {[%clk 1:22:43]} Bb7 {[%clk 1:18:06]} 13.
Bg3 {[%clk 1:10:38]} Bf8 {[%clk 1:18:10]} 14. a4 {[%clk 0:59:17]} b4 {[%clk
1:11:11]} 15. Nb1 {[%clk 0:54:01]} Rc8 {[%clk 0:54:18]} 16. Nd2 c5 17. dxc5
{[%clk 0:44:17]} Nxc5 {[%clk 0:52:57]} 18. Bf5 {[%clk 0:42:30]} Ne6 {[%clk
0:49:35]} 19. Qb1 {[%clk 0:38:53]} Bd6 {[%clk 0:30:21]} 20. Bxd6 {[%clk
0:34:16]} Qxd6 {[%clk 0:30:46]} 21. Nb3 {[%clk 0:30:41]} Ba6 {[%clk 0:23:34]}
22. Bd3 {[%clk 0:25:31]} Bc4 {[%clk 0:18:04]} 23. Nbd4 {[%clk 0:24:15]} Nc5
{[%clk 0:18:07]} 24. Bf5 {[%clk 0:22:16]} Nfe4 {[%clk 0:11:59]} 25. Rd1 {[%clk
0:13:41]} Rcd8 {[%clk 0:11:15]} 26. Bxe4 {[%clk 0:08:33]} Nxe4 {[%clk 0:07:28]}
27. b3 {[%clk 0:06:51]} Ba6 {[%clk 0:05:12]} 28. Qb2 {[%clk 0:06:09]} Qf6
{[%clk 0:04:52]} 29. f3 {[%clk 0:05:57]} Bxe2 {[%clk 0:05:08]} 30. Qxe2 {[%clk
0:06:08]} Nc3 {[%clk 0:05:28]} 31. Qd3 {[%clk 0:06:10]} Nxd1 {[%clk 0:05:38]}
32. Rxd1 {[%clk 0:06:32]} Rc8 {[%clk 0:05:25]} 33. Ne2 {[%clk 0:04:13]} Qe5
{[%clk 0:05:23]} 34. Kf2 {[%clk 0:04:06]} Rc7 {[%clk 0:04:25]} 35. Qd4 {[%clk
0:03:19]} Qe7 {[%clk 0:01:47]} 36. Nf4 {[%clk 0:03:14]} Rc2+ {[%clk 0:01:21]}
37. Rd2 {[%clk 0:03:26]} Rxd2+ {[%clk 0:01:22]} 38. Qxd2 {[%clk 0:03:50]} Qc5
{[%clk 0:00:58]} 39. Nd3 {[%clk 0:03:04]} Qc3 {[%clk 0:01:09]} 40. Qxc3 {[%clk
0:03:23]} bxc3 {[%clk 0:01:37]} 41. Nc1 {[%clk 0:01:55]} f5 {[%clk 0:25:24]}
42. g4 {[%clk 0:31:06]} f4 {[%clk 0:24:13]} 43. exf4 {[%clk 0:31:21]} a5 {[%clk
0:24:20]} 44. f5 {[%clk 0:30:53]} d4 {[%clk 0:24:05]} 45. h4 {[%clk 0:29:57]}
Kf7 {[%clk 0:23:22]} 46. Ne2 {[%clk 0:29:20]} d3 {[%clk 0:23:15]} 47. Nxc3
{[%clk 0:29:41]} d2 {[%clk 0:23:40]} 0-1

[Event "Deutsche Ländermeisterschaft 2022"]
[Site "Wiesbaden GER"]
[Date "2022.10.04"]
[Round "7"]
[White "Hänselmann, Hendrik"]
[Black "Heinrich, John"]
[Result "0-1"]
[Termination "normal"]
[Board "5.3"]
[WhiteElo "1989"]
[BlackElo "2139"]
[WhiteClock "00:03:28"]
[BlackClock "00:06:19"]
[WhiteTeam "Baden 1"]
[BlackTeam "Sachsen"]
[PlyCount "86"]
[WhiteFideId "16232755"]
[BlackFideId "16259491"]
[EventCountry "GER"]
[EventRounds "7"]
[EventType "team-swiss"]
[EventDate "2022.09.30"]

1. e4 {[%clk 1:30:55]} c5 {[%clk 1:30:50]} 2. Nc3 {[%clk 1:31:22]} a6 {[%clk
1:31:14]} 3. g3 {[%clk 1:31:47]} b5 {[%clk 1:31:35]} 4. Bg2 {[%clk 1:32:13]}
Bb7 {[%clk 1:31:59]} 5. d3 {[%clk 1:32:29]} e6 {[%clk 1:31:55]} 6. Nh3 {[%clk
1:32:54]} b4 {[%clk 1:23:44]} 7. Na4 {[%clk 1:28:05]} Nf6 {[%clk 1:16:13]} 8.
O-O {[%clk 1:27:13]} Be7 {[%clk 1:06:40]} 9. f4 {[%clk 1:24:58]} d5 {[%clk
1:03:22]} 10. Nf2 {[%clk 1:13:06]} Nc6 {[%clk 0:56:50]} 11. c3 {[%clk 0:54:39]}
Qa5 {[%clk 0:45:09]} 12. a3 {[%clk 0:47:19]} bxc3 {[%clk 0:44:25]} 13. bxc3
{[%clk 0:46:12]} O-O {[%clk 0:41:07]} 14. g4 {[%clk 0:42:53]} dxe4 {[%clk
0:37:46]} 15. dxe4 {[%clk 0:42:22]} Rfd8 {[%clk 0:36:58]} 16. Qc2 {[%clk
0:40:02]} e5 {[%clk 0:33:49]} 17. g5 {[%clk 0:33:02]} Nh5 {[%clk 0:32:29]} 18.
f5 {[%clk 0:32:03]} Nf4 {[%clk 0:29:26]} 19. Bxf4 {[%clk 0:24:44]} exf4 {[%clk
0:29:46]} 20. Nh3 {[%clk 0:22:51]} Ne5 {[%clk 0:26:22]} 21. Rxf4 {[%clk
0:21:29]} Rd6 {[%clk 0:22:40]} 22. Rb1 {[%clk 0:15:34]} Bc6 {[%clk 0:20:15]}
23. Nb6 {[%clk 0:14:36]} Rb8 {[%clk 0:20:17]} 24. Nd5 {[%clk 0:14:51]} Rxb1+
{[%clk 0:20:21]} 25. Qxb1 {[%clk 0:15:20]} Bxd5 {[%clk 0:20:33]} 26. exd5
{[%clk 0:15:49]} Qxc3 {[%clk 0:20:05]} 27. Kh1 {[%clk 0:11:26]} Qxa3 {[%clk
0:17:45]} 28. f6 {[%clk 0:09:05]} Bf8 {[%clk 0:17:15]} 29. Re4 {[%clk 0:06:42]}
Nd3 {[%clk 0:12:17]} 30. Re3 {[%clk 0:04:20]} Nf2+ {[%clk 0:12:03]} 31. Nxf2
{[%clk 0:04:38]} Qxe3 {[%clk 0:12:28]} 32. Ng4 {[%clk 0:04:49]} Qxg5 {[%clk
0:12:21]} 33. fxg7 {[%clk 0:04:57]} Bxg7 {[%clk 0:12:03]} 34. h3 {[%clk
0:05:10]} h5 {[%clk 0:12:04]} 35. Nf2 {[%clk 0:05:21]} Be5 {[%clk 0:10:44]} 36.
Ne4 {[%clk 0:05:05]} Qf4 {[%clk 0:11:10]} 37. Qg1 {[%clk 0:05:31]} Rg6 {[%clk
0:11:06]} 38. Nxc5 {[%clk 0:05:05]} Bd4 {[%clk 0:09:32]} 39. Nd3 {[%clk
0:05:28]} Qg3 {[%clk 0:09:52]} 40. Qf1 {[%clk 0:05:46]} a5 {[%clk 0:07:03]} 41.
Qe2 {[%clk 0:05:30]} Rb6 {[%clk 0:06:10]} 42. Qc2 {[%clk 0:04:29]} a4 {[%clk
0:06:01]} 43. Qc8+ {[%clk 0:03:28]} Kg7 {[%clk 0:06:19]} 0-1

[Event "Deutsche Ländermeisterschaft 2022"]
[Site "Wiesbaden GER"]
[Date "2022.10.04"]
[Round "7"]
[White "Kempe, Caius Emilian"]
[Black "Uhlmann, Tim"]
[Result "1-0"]
[Termination "normal"]
[Board "5.4"]
[WhiteElo "2030"]
[BlackElo "1841"]
[WhiteClock "01:17:59"]
[BlackClock "00:20:46"]
[WhiteTeam "Sachsen"]
[BlackTeam "Baden 1"]
[PlyCount "219"]
[WhiteFideId "16246861"]
[BlackFideId "16239210"]
[EventCountry "GER"]
[EventRounds "7"]
[EventType "team-swiss"]
[EventDate "2022.09.30"]

1. d4 {[%clk 1:30:57]} d5 {[%clk 1:30:57]} 2. c4 {[%clk 1:31:19]} e6 {[%clk
1:31:23]} 3. Nc3 {[%clk 1:31:41]} c5 {[%clk 1:31:47]} 4. cxd5 {[%clk 1:31:12]}
cxd4 {[%clk 1:32:01]} 5. Qxd4 {[%clk 1:31:15]} Nc6 {[%clk 1:32:23]} 6. Qd1
{[%clk 1:29:35]} exd5 {[%clk 1:32:48]} 7. Qxd5 {[%clk 1:29:15]} Be6 {[%clk
1:33:12]} 8. Qxd8+ {[%clk 1:27:22]} Rxd8 {[%clk 1:33:35]} 9. e3 {[%clk
1:25:32]} Nb4 {[%clk 1:33:48]} 10. Bb5+ {[%clk 1:25:53]} Ke7 {[%clk 1:34:14]}
11. Ke2 {[%clk 1:24:38]} a6 {[%clk 1:33:04]} 12. Ba4 {[%clk 1:24:55]} Bc4+
{[%clk 1:33:15]} 13. Kf3 {[%clk 1:24:58]} Nd3 {[%clk 1:32:57]} 14. Nge2 {[%clk
1:24:01]} Rd6 {[%clk 1:27:19]} 15. Nf4 {[%clk 1:17:50]} Ne5+ {[%clk 1:22:45]}
16. Kg3 {[%clk 1:18:12]} g5 {[%clk 1:22:59]} 17. Nfe2 {[%clk 1:16:18]} h5
{[%clk 1:12:42]} 18. h3 {[%clk 1:15:08]} Nf6 {[%clk 1:04:38]} 19. Nd4 {[%clk
1:14:19]} Be6 {[%clk 0:53:45]} 20. Bc2 {[%clk 1:10:27]} b5 {[%clk 0:42:33]} 21.
b3 {[%clk 1:07:28]} b4 {[%clk 0:42:51]} 22. Nce2 {[%clk 1:07:57]} h4+ {[%clk
0:33:23]} 23. Kh2 {[%clk 1:08:26]} g4 {[%clk 0:33:35]} 24. Bb2 {[%clk 1:07:29]}
gxh3 {[%clk 0:30:41]} 25. gxh3 {[%clk 1:07:58]} Rg8 {[%clk 0:28:55]} 26. Rhg1
{[%clk 1:06:58]} Nfg4+ {[%clk 0:23:16]} 27. hxg4 Nxg4+ {[%clk 0:23:42]} 28.
Rxg4 {[%clk 1:06:45]} Rxg4 {[%clk 0:24:07]} 29. Rg1 {[%clk 1:01:03]} Rxg1
{[%clk 0:24:10]} 30. Nxg1 {[%clk 1:01:12]} Bg7 {[%clk 0:23:04]} 31. Ngf3 {[%clk
1:00:20]} a5 {[%clk 0:22:02]} 32. Be4 {[%clk 0:58:53]} Ra6 {[%clk 0:20:59]} 33.
Nxh4 {[%clk 0:56:44]} Bxd4 {[%clk 0:21:11]} 34. Bxd4 {[%clk 0:57:08]} a4 {[%clk
0:21:35]} 35. Bc5+ {[%clk 0:54:34]} Kd7 {[%clk 0:20:15]} 36. Bxb4 {[%clk
0:53:42]} axb3 37. axb3 {[%clk 0:54:09]} Bxb3 {[%clk 0:20:46]} 38. Bc3 {[%clk
0:54:17]} Be6 {[%clk 0:19:20]} 39. Bd4 {[%clk 0:54:38]} Ra5 {[%clk 0:18:00]}
40. Kg3 {[%clk 0:53:27]} Rg5+ {[%clk 0:17:54]} 41. Kf3 {[%clk 0:53:56]} Bd5
{[%clk 0:07:50]} 42. Kf4 {[%clk 0:49:37]} Rh5 {[%clk 0:08:09]} 43. Nf5 {[%clk
0:46:58]} Bxe4 {[%clk 0:07:48]} 44. Kxe4 {[%clk 0:47:27]} Rg5 {[%clk 0:05:43]}
45. f4 {[%clk 0:47:49]} Rg6 {[%clk 0:05:29]} 46. Ng7 {[%clk 0:47:56]} Ra6
{[%clk 0:01:04]} 47. Kf5 {[%clk 0:45:22]} Ke7 {[%clk 0:25:12]} 48. e4 {[%clk
1:14:08]} Ra5+ {[%clk 0:24:56]} 49. e5 {[%clk 1:12:48]} f6 {[%clk 0:23:22]} 50.
Bc3 {[%clk 1:12:41]} Rb5 {[%clk 0:23:11]} 51. Be1 {[%clk 1:12:19]} fxe5 {[%clk
0:22:23]} 52. fxe5 {[%clk 1:12:38]} Kf7 {[%clk 0:21:53]} 53. Ne6 {[%clk
1:12:54]} Rb1 {[%clk 0:19:08]} 54. Bh4 {[%clk 1:13:23]} Rb5 {[%clk 0:17:15]}
55. Bf6 {[%clk 1:13:27]} Ra5 {[%clk 0:16:32]} 56. Ng5+ {[%clk 1:11:40]} Ke8
{[%clk 0:15:13]} 57. Ne4 {[%clk 1:08:26]} Rd5 {[%clk 0:14:28]} 58. Ke6 {[%clk
1:08:06]} Ra5 {[%clk 0:14:15]} 59. Nd6+ {[%clk 1:08:14]} Kf8 {[%clk 0:14:34]}
60. Be7+ {[%clk 1:07:54]} Kg7 {[%clk 0:12:06]} 61. Ne8+ {[%clk 1:08:02]} Kg6
{[%clk 0:12:06]} 62. Bd6 {[%clk 1:08:27]} Ra8 {[%clk 0:11:13]} 63. Kd7 {[%clk
1:07:58]} Kf5 {[%clk 0:09:57]} 64. Nc7 {[%clk 1:08:20]} Rh8 {[%clk 0:09:07]}
65. e6 {[%clk 1:08:45]} Rh7+ {[%clk 0:08:25]} 66. e7 {[%clk 1:09:14]} Kf6
{[%clk 0:08:06]} 67. Kd8 {[%clk 1:09:30]} Rh8+ {[%clk 0:08:08]} 68. e8=Q {[%clk
1:09:37]} Rxe8+ {[%clk 0:08:31]} 69. Nxe8+ {[%clk 1:10:00]} Ke6 {[%clk
0:08:52]} 70. Bb4 {[%clk 1:10:26]} Kd5 {[%clk 0:09:07]} 71. Kd7 {[%clk
1:10:51]} Ke5 {[%clk 0:09:18]} 72. Bd6+ {[%clk 1:11:10]} Kd5 {[%clk 0:09:39]}
73. Nf6+ {[%clk 1:11:36]} Kd4 {[%clk 0:10:00]} 74. Ke6 {[%clk 1:11:57]} Kc4
{[%clk 0:10:15]} 75. Ke5 {[%clk 1:12:23]} Kd3 {[%clk 0:10:25]} 76. Nd5 {[%clk
1:12:17]} Kc4 {[%clk 0:10:40]} 77. Ke4 {[%clk 1:12:32]} Kb5 {[%clk 0:10:58]}
78. Kd4 {[%clk 1:12:26]} Kc6 {[%clk 0:11:20]} 79. Ba3 {[%clk 1:12:44]} Kd7
{[%clk 0:11:39]} 80. Nf4 {[%clk 1:12:55]} Kc6 {[%clk 0:12:02]} 81. Bc5 {[%clk
1:13:00]} Kd7 {[%clk 0:11:53]} 82. Kd5 {[%clk 1:13:26]} Kc7 {[%clk 0:12:20]}
83. Ne6+ {[%clk 1:13:45]} Kd7 {[%clk 0:12:26]} 84. Bd6 {[%clk 1:13:42]} Kc8
{[%clk 0:12:51]} 85. Nc5 {[%clk 1:12:29]} Kd8 {[%clk 0:13:16]} 86. Ke6 {[%clk
1:12:40]} Kc8 {[%clk 0:13:32]} 87. Be5 {[%clk 1:12:39]} Kd8 {[%clk 0:13:49]}
88. Bb8 {[%clk 1:11:58]} Kc8 {[%clk 0:14:09]} 89. Nd7 {[%clk 1:12:22]} Kb7
{[%clk 0:14:29]} 90. Kd6 {[%clk 1:12:15]} Ka8 {[%clk 0:14:51]} 91. Bc7 {[%clk
1:12:29]} Kb7 {[%clk 0:15:15]} 92. Nb6 {[%clk 1:12:47]} Ka6 {[%clk 0:15:07]}
93. Kc6 {[%clk 1:13:07]} Ka7 {[%clk 0:15:28]} 94. Bd6 {[%clk 1:13:26]} Ka6
{[%clk 0:15:54]} 95. Bb8 {[%clk 1:13:29]} Ka5 {[%clk 0:16:20]} 96. Nd5 {[%clk
1:13:09]} Ka4 {[%clk 0:16:38]} 97. Kc5 {[%clk 1:13:21]} Kb3 {[%clk 0:16:44]}
98. Nb4 {[%clk 1:13:45]} Ka4 {[%clk 0:17:04]} 99. Kc4 {[%clk 1:14:08]} Ka5
{[%clk 0:17:26]} 100. Bc7+ {[%clk 1:14:32]} Ka4 {[%clk 0:17:39]} 101. Nd3
{[%clk 1:14:44]} Ka3 {[%clk 0:17:56]} 102. Bd8 {[%clk 1:14:52]} Ka4 {[%clk
0:18:03]} 103. Nb2+ {[%clk 1:15:16]} Ka3 {[%clk 0:18:29]} 104. Kc3 {[%clk
1:15:42]} Ka2 {[%clk 0:18:55]} 105. Kc2 {[%clk 1:15:56]} Ka3 {[%clk 0:19:12]}
106. Be7+ {[%clk 1:16:18]} Ka2 {[%clk 0:19:38]} 107. Nd3 {[%clk 1:16:41]} Ka1
{[%clk 0:19:57]} 108. Bd6 {[%clk 1:17:06]} Ka2 {[%clk 0:20:21]} 109. Nc1+
{[%clk 1:17:32]} Ka1 {[%clk 0:20:46]} 110. Be5# {[%clk 1:17:59]} 1-0

[Event "Deutsche Ländermeisterschaft 2022"]
[Site "Wiesbaden GER"]
[Date "2022.10.04"]
[Round "7"]
[White "Basovskiy, Jana"]
[Black "Neuhoff, Laertes"]
[Result "0-1"]
[Termination "normal"]
[Board "5.5"]
[WhiteElo "1858"]
[BlackElo "1885"]
[WhiteClock "00:03:59"]
[BlackClock "00:16:53"]
[WhiteTeam "Baden 1"]
[BlackTeam "Sachsen"]
[PlyCount "44"]
[WhiteFideId "16208617"]
[BlackFideId "16279719"]
[EventCountry "GER"]
[EventRounds "7"]
[EventType "team-swiss"]
[EventDate "2022.09.30"]

1. e4 {[%clk 1:30:58]} c5 {[%clk 1:30:54]} 2. Nf3 {[%clk 1:31:25]} Nc6 {[%clk
1:31:16]} 3. Bb5 {[%clk 1:31:51]} g6 {[%clk 1:31:29]} 4. Bxc6 {[%clk 1:32:10]}
bxc6 {[%clk 1:26:11]} 5. O-O {[%clk 1:31:31]} Bg7 {[%clk 1:26:21]} 6. Re1
{[%clk 1:30:14]} e5 {[%clk 1:25:20]} 7. c3 {[%clk 1:26:20]} Ne7 {[%clk
1:15:33]} 8. Na3 {[%clk 1:07:41]} O-O {[%clk 1:05:37]} 9. Nc4 {[%clk 1:00:39]}
Qc7 {[%clk 0:58:00]} 10. d4 {[%clk 0:43:58]} exd4 {[%clk 0:54:11]} 11. cxd4
{[%clk 0:44:16]} Ba6 {[%clk 0:51:21]} 12. Ne3 {[%clk 0:37:56]} cxd4 {[%clk
0:50:42]} 13. Nxd4 {[%clk 0:38:07]} Rad8 {[%clk 0:48:01]} 14. Nf3 {[%clk
0:31:22]} d5 {[%clk 0:38:52]} 15. exd5 {[%clk 0:27:30]} cxd5 {[%clk 0:34:41]}
16. Qa4 {[%clk 0:26:41]} Qc6 {[%clk 0:33:30]} 17. Qh4 {[%clk 0:26:20]} Rfe8
{[%clk 0:28:56]} 18. Ng4 {[%clk 0:21:09]} Nf5 {[%clk 0:27:25]} 19. Rxe8+ {[%clk
0:15:51]} Rxe8 {[%clk 0:26:07]} 20. Qg5 {[%clk 0:14:27]} h5 {[%clk 0:22:05]}
21. Ne3 {[%clk 0:03:55]} Bh6 {[%clk 0:22:22]} 22. Nd4 {[%clk 0:03:59]} Qb6
{[%clk 0:16:53]} 0-1